[Event "Benidorm op U2200 10th"]
[Site "Benidorm"]
[Date "2011.12.09"]
[Round "9"]
[White "Rangelod Mayhalod, Georgi"]
[Black "Tirado Parra, Alberto"]
[Result "0-1"]
[WhiteElo "1960"]
[BlackElo "1869"]
[PlyCount "52"]
[EventDate "2011.12.02"]
[EventType "swiss"]
[EventRounds "10"]
[EventCountry "ESP"]
[SourceTitle "CBM 145 Extra"]
[Source "ChessBase"]
[SourceDate "2012.01.03"]
[SourceVersion "1"]
[SourceVersionDate "2012.01.03"]
[SourceQuality "1"]

1. e4 d5 2. e5 c5 3. c3 Bf5 4. d4 e6 5. Nf3 Nc6 6. Be2 Qb6 7. 0-0 cxd4 8. cxd4 Nge7 9. Nc3 Be4 10. Na4 Qc7 11. Nc3 Nf5 12. Be3 Be7 13. Rc1 0-0 14. a3 Rac8 15. b4 Qb8 16. Qd2 Rfd8 17. h3 Bxf3 18. gxf3 a6 19. Kh1 Qa7 20. Rfd1 Nxe5 21. Bg5 Bxg5 22. Qxg5 f6 23. Qd2 Nc6 24. Bd3 Ncxd4 25. Na4 b6 26. Re1 e5 0-1

[Event "Moratalaz op 24th"]
[Site "Madrid"]
[Date "2011.09.16"]
[Round "2"]
[White "Roa Alonso, Santiago"]
[Black "Rangelod Mayhalod, Georgi"]
[Result "1-0"]
[WhiteElo "2420"]
[BlackElo "1956"]
[PlyCount "75"]
[EventDate "2011.09.15"]
[EventType "swiss"]
[EventRounds "9"]
[EventCountry "ESP"]
[SourceTitle "CBM 144 Extra"]
[Source "ChessBase"]
[SourceDate "2011.10.28"]
[SourceVersion "1"]
[SourceVersionDate "2011.10.28"]
[SourceQuality "1"]

1. g3 d5 2. f4 c5 3. Bg2 Nf6 4. Nf3 Nc6 5. 0-0 Qc7 6. c3 Bg4 7. d3 Rd8 8. Na3 a6 9. Qc2 e6 10. e4 dxe4 11. dxe4 Be7 12. Nc4 Bxf3 13. Bxf3 0-0 14. Qg2 b5 15. Ne3 Rc8 16. a4 c4 17. axb5 axb5 18. e5 Nd7 19. Bxc6 Qxc6 20. Qxc6 Rxc6 21. Ra7 Nxe5 22. Rxe7 Nd3 23. Rb7 Rc5 24. Nc2 h6 25. Nd4 Ra8 26. Rxb5 Rxb5 27. Nxb5 Ra1 28. Be3 Ra2 29. Nd6 Nxb2 30. Bd4 Ra4 31. f5 exf5 32. Rxf5 f6 33. Rb5 Ra1+ 34. Kg2 Ra2 35. Kf3 Kh7 36. h4 Nd3 37. h5 Rh2 38. Ne4 1-0